10 Biggest Cities In Canada - Statistics

General Stats
  • This quiz has been taken 32 times
  • The average score is 8 of 10
Answer Stats
Province Answer % Correct
Ontario Toronto
100%
Alberta Edmonton
97%
Quebec Montreal
97%
Ontario Ottawa
97%
B.C. Vancouver
94%
Alberta Calgary
90%
Manitoba Winnipeg
87%
Ontario Hamilton
58%
Ontario Mississauga
45%
Ontario Brampton
42%
No matching quizzes found
Score Distribution
Percent of People with Each Score
Percentile by Number Answered
Your Score History
You have not taken this quiz